[Event "4NCL/Div2/NWE2 vs. HKF1"]
[Site "West Bromwich ENG"]
[Date "2004.09.18"]
[Round "1.8"]
[White "Lindner, Daniel"]
[Black "Lazarevic, Ljubica"]
[Result "1-0"]
[WhiteElo "2236"]
[BlackElo "1845"]
[PlyCount "79"]
[EventDate "2004.09.18"]
[SourceDate "2004.09.21"]

1. e4 e6 2. d4 d5 3. Nd2 Nf6 4. e5 Nfd7 5. Bd3 c5 6. c3 Nc6 7. Ne2 cxd4 8. cxd4
Be7 9. O-O O-O 10. Nf3 f5 11. exf6 Bxf6 12. Be3 Qb6 13. Qc2 h6 14. a3 Rd8 15.
b4 Nf8 16. b5 Ne7 17. Bf4 Rd7 18. Rfc1 Qd8 19. a4 b6 20. a5 bxa5 21. Bc7 Qe8
22. Rxa5 Bb7 23. Ra3 Rc8 24. Rc3 Nf5 25. b6 a6 26. Ra1 Ra8 27. Raa3 Bd8 28. Ne5
Bxc7 29. Nxd7 Bd6 30. Nc5 Qh5 31. h3 Nh4 32. Nxb7 Qg5 33. Ng3 Bxa3 34. Rxa3 Nd7
35. Qc6 Nf8 36. Rxa6 Rxa6 37. Bxa6 Qd2 38. Nd6 Qxd4 39. b7 Qb4 40. Qe8 1-0

[Event "4NCL/Div2/BRI2 vs. WGR3"]
[Site "West Bromwich ENG"]
[Date "2004.09.18"]
[Round "1.1"]
[White "Curtis, John"]
[Black "Woodward, Timothy"]
[Result "1-0"]
[WhiteElo "2126"]
[BlackElo "2334"]
[PlyCount "95"]
[EventDate "2004.09.18"]
[SourceDate "2004.09.21"]

1. d4 d5 2. Nf3 Nf6 3. e3 Bf5 4. c4 c6 5. cxd5 cxd5 6. Qb3 Qc7 7. Nc3 e6 8. Bd2
Nc6 9. Rc1 Be7 10. Bb5 Nd7 11. Na4 O-O 12. O-O Rfc8 13. Ne1 Rab8 14. Bd3 Bg6
15. Bxg6 hxg6 16. Nd3 Bd6 17. g3 Qd8 18. Nac5 Nb6 19. Qd1 Bxc5 20. Nxc5 Nc4 21.
b3 Nd6 22. Qg4 Qe7 23. Nd3 Ne4 24. Bc3 g5 25. Qe2 f5 26. f3 Nf6 27. Ne5 g4 28.
fxg4 Nxe5 29. dxe5 Nxg4 30. Bd4 Qa3 31. Qd2 Rc6 32. Rxc6 bxc6 33. Rc1 Rc8 34.
h3 Nh6 35. Rc5 Nf7 36. Qa5 Qxa5 37. Rxa5 c5 38. Rxc5 Rxc5 39. Bxc5 a6 40. Bd4
Kf8 41. a4 Ke8 42. b4 Ng5 43. h4 Ne4 44. Kg2 g6 45. Kf3 g5 46. b5 axb5 47. axb5
g4+ 48. Kg2 1-0

[Event "4NCL/Div2/BRI2 vs. WGR3"]
[Site "West Bromwich ENG"]
[Date "2004.09.18"]
[Round "1.2"]
[White "Tan, Desmond"]
[Black "Bareham, David"]
[Result "1-0"]
[WhiteElo "2335"]
[BlackElo "2115"]
[PlyCount "53"]
[EventDate "2004.09.18"]
[SourceDate "2004.09.21"]

1. e4 c5 2. Nc3 Nc6 3. Bb5 Nd4 4. Bc4 e6 5. Nf3 Nf6 6. O-O a6 7. d3 b5 8. Bb3
Nxb3 9. axb3 Bb7 10. e5 Nd5 11. Ne4 f5 12. exf6 Nxf6 13. Nfg5 Be7 14. Qf3 Bxe4
15. dxe4 O-O 16. Qe2 Qc7 17. c4 h6 18. Nh3 d5 19. Nf4 Bd6 20. Nxe6 Bxh2+ 21.
Kh1 Qe5 22. Nxf8 Nxe4 23. Qd1 d4 24. Ng6 Qd6 25. Qh5 Bg3 26. Qd5+ Qxd5 27. Ne7+
1-0

[Event "4NCL/Div2/BRI2 vs. WGR3"]
[Site "West Bromwich ENG"]
[Date "2004.09.18"]
[Round "1.3"]
[White "Chaplin, Peter"]
[Black "Lakos, Nikoletta"]
[Result "1/2-1/2"]
[WhiteElo "2066"]
[BlackElo "2350"]
[PlyCount "88"]
[EventDate "2004.09.18"]
[SourceDate "2004.09.21"]

1. Nc3 c5 2. Nf3 Nc6 3. e4 e6 4. d3 d6 5. g3 Nge7 6. Bg2 Nd4 7. O-O g6 8. Be3
Bg7 9. Qd2 O-O 10. Nd1 Qc7 11. Nh4 Rb8 12. c3 Ndc6 13. f4 f5 14. exf5 Nxf5 15.
Nxf5 exf5 16. d4 Ne7 17. Bf2 Kh8 18. Re1 b6 19. dxc5 dxc5 20. Ne3 Be6 21. Ng4
Bg8 22. Ne5 Rbd8 23. Qc2 Nd5 24. Rad1 Nf6 25. Rxd8 Rxd8 26. Nc6 Rd6 27. Re7 Rd7
28. Rxd7 Qxd7 29. Ne5 Qd6 30. c4 Nd7 31. Nxd7 Qxd7 32. b3 Be6 33. Bf3 Kg8 34.
Qd1 Qxd1+ 35. Bxd1 Kf7 36. Bf3 Ke7 37. Kf1 Kd6 38. Ke2 Bf6 39. Kd3 a6 40. Bb7
a5 41. a4 h6 42. h4 g5 43. hxg5 hxg5 44. Be3 g4 1/2-1/2

[Event "4NCL/Div2/BRI2 vs. WGR3"]
[Site "West Bromwich ENG"]
[Date "2004.09.18"]
[Round "1.4"]
[White "Grant, Jonathan"]
[Black "Boyce, G Michael"]
[Result "1-0"]
[WhiteElo "2266"]
[BlackElo "2057"]
[PlyCount "62"]
[EventDate "2004.09.18"]
[SourceDate "2004.09.21"]

1. c4 c5 2. Nc3 g6 3. g3 Bg7 4. Bg2 Nc6 5. e4 d6 6. Nge2 e6 7. O-O Nge7 8. d3
O-O 9. Be3 Nd4 10. Rb1 Nec6 11. a3 Rb8 12. b4 cxb4 13. axb4 Nxe2+ 14. Nxe2 b5
15. Qd2 Bd7 16. c5 e5 17. cxd6 Nd4 18. Nxd4 exd4 19. Bg5 f6 20. Qa2+ Kh8 21.
Bd2 Qb6 22. Rfc1 Rbc8 23. Qd5 Rc6 24. Rxc6 Bxc6 25. Qc5 Rb8 26. Rc1 Qxc5 27.
Rxc5 Rb6 28. e5 Bxg2 29. Rc8+ Bf8 30. Bh6 Bd5 31. Rxf8+ Bg8 1-0

[Event "4NCL/Div2/BRI2 vs. WGR3"]
[Site "West Bromwich ENG"]
[Date "2004.09.18"]
[Round "1.5"]
[White "Humphreys, Jerry"]
[Black "Hasman, Cengiz"]
[Result "1/2-1/2"]
[WhiteElo "2094"]
[BlackElo "2128"]
[PlyCount "40"]
[EventDate "2004.09.18"]
[SourceDate "2004.09.21"]

1. e4 Nf6 2. e5 Nd5 3. d4 d6 4. c4 Nb6 5. exd6 cxd6 6. Nc3 g6 7. Be3 Bg7 8. Rc1
O-O 9. Nf3 Bg4 10. Be2 Nc6 11. d5 Bxf3 12. Bxf3 Ne5 13. b3 Nxf3+ 14. Qxf3 Nd7
15. O-O f5 16. Rfe1 f4 17. Bd2 Ne5 18. Qe4 f3 19. Nb5 fxg2 20. f4 a6 1/2-1/2

[Event "4NCL/Div2/BRI2 vs. WGR3"]
[Site "West Bromwich ENG"]
[Date "2004.09.18"]
[Round "1.6"]
[White "Maduekwe, Chiedu"]
[Black "Spiller, Paul"]
[Result "1-0"]
[WhiteElo "2142"]
[BlackElo "2040"]
[PlyCount "105"]
[EventDate "2004.09.18"]
[SourceDate "2004.09.21"]

1. d4 Nf6 2. c4 g6 3. Nc3 Bg7 4. e4 d6 5. f3 O-O 6. Be3 Nbd7 7. Qd2 e5 8. Nge2
Ne8 9. O-O-O Nb6 10. Ng3 Be6 11. dxe5 Nxc4 12. Bxc4 Bxc4 13. f4 Qe7 14. b3 Ba6
15. Nd5 Qe6 16. exd6 Qxd6 17. e5 Qa3+ 18. Kb1 Kh8 19. Ne4 b6 20. Qc3 Bb7 21.
Bc1 Qa6 22. Rhe1 Rd8 23. Ndf6 Bxe4+ 24. Nxe4 Rxd1 25. Rxd1 Qe2 26. Qc2 Qxc2+
27. Kxc2 f6 28. e6 f5 29. Ng5 Nd6 30. Ba3 Bf6 31. Nf7+ Kg8 32. Nxd6 cxd6 33.
Bxd6 Re8 34. Re1 Kg7 35. Ba3 Be7 36. Bxe7 Rxe7 37. Kc3 Kf6 38. Kb4 Rxe6 39.
Rxe6+ Kxe6 40. Kb5 Kd5 41. Ka6 Ke4 42. g3 h6 43. Kxa7 b5 44. h4 Kf3 45. Kb6
Kxg3 46. a4 bxa4 47. bxa4 Kxf4 48. a5 Kg3 49. a6 f4 50. a7 f3 51. a8=Q g5 52.
Kc5 f2 53. Qh1 1-0

[Event "4NCL/Div2/BRI2 vs. WGR3"]
[Site "West Bromwich ENG"]
[Date "2004.09.18"]
[Round "1.7"]
[White "McArthur, James"]
[Black "Cutmore, David A"]
[Result "0-1"]
[WhiteElo "1890"]
[BlackElo "2092"]
[PlyCount "74"]
[EventDate "2004.09.18"]
[SourceDate "2004.09.21"]

1. e4 Nf6 2. d3 e5 3. b3 Bb4+ 4. c3 Ba5 5. Nf3 d6 6. Be2 O-O 7. Bd2 c6 8. b4
Bc7 9. Qc2 d5 10. O-O a5 11. Rd1 Qe7 12. a3 axb4 13. cxb4 d4 14. Bg5 Be6 15.
Nbd2 Nbd7 16. Rdc1 Rfc8 17. Nb3 Bxb3 18. Qxb3 Nf8 19. Rc2 Ne6 20. Bxf6 Qxf6 21.
g3 Bd6 22. Rac1 Qe7 23. Nd2 Ra6 24. Nc4 Rca8 25. Na5 g6 26. Kg2 Nd8 27. Bg4 Bc7
28. Nc4 b5 29. Nd2 Rxa3 30. Qb1 Bd6 31. Be2 Bxb4 32. f4 Bc3 33. fxe5 Qxe5 34.
Rd1 Ra1 35. Qb3 Rxd1 36. Bxd1 Qg5 37. Nf3 Qe3 0-1

[Event "4NCL/Div2/BRI2 vs. WGR3"]
[Site "West Bromwich ENG"]
[Date "2004.09.18"]
[Round "1.8"]
[White "Cutmore, Martin J"]
[Black "Vann, Monica"]
[Result "1-0"]
[WhiteElo "2031"]
[BlackElo "1815"]
[PlyCount "59"]
[EventDate "2004.09.18"]
[SourceDate "2004.09.21"]

1. d4 Nf6 2. c4 g6 3. Nc3 Bg7 4. e4 d6 5. f4 O-O 6. Nf3 Bg4 7. Be3 e5 8. dxe5
Bxf3 9. gxf3 dxe5 10. Qxd8 Rxd8 11. fxe5 Ne8 12. f4 Nc6 13. Nd5 Rd7 14. Bh3
Rdd8 15. O-O-O Bh6 16. Bg4 a5 17. h4 Nb4 18. a3 Nxd5 19. exd5 Rab8 20. h5 Bg7
21. c5 b6 22. c6 f5 23. Bf3 b5 24. hxg6 hxg6 25. Rdg1 b4 26. a4 b3 27. Bd2 Kf7
28. e6+ Kf8 29. Rxg6 Nd6 30. e7+ 1-0

[Event "4NCL/Div2/SLOS1 vs. SWD1"]
[Site "West Bromwich ENG"]
[Date "2004.09.18"]
[Round "1.1"]
[White "Pert, Nicholas"]
[Black "Cooper, John G"]
[Result "1-0"]
[WhiteElo "2493"]
[BlackElo "2346"]
[PlyCount "120"]
[EventDate "2004.09.18"]
[SourceDate "2004.09.21"]

1. d4 d5 2. c4 e6 3. Nf3 c5 4. cxd5 exd5 5. g3 Nf6 6. Bg2 Be7 7. O-O O-O 8. Nc3
Nc6 9. dxc5 Bxc5 10. Bg5 d4 11. Bxf6 Qxf6 12. Nd5 Qd8 13. Nd2 a6 14. Rc1 Ba7
15. Nb3 Bg4 16. Nf4 Rc8 17. h3 Bf5 18. Nc5 Bxc5 19. Rxc5 Ne7 20. Rxc8 Bxc8 21.
Qd2 Qd6 22. Rd1 Rd8 23. Qa5 b6 24. Qa4 g5 25. Nd5 Nf5 26. g4 b5 27. Qb4 Qxb4
28. Nxb4 Ne7 29. e3 f5 30. gxf5 Bxf5 31. Rxd4 Rxd4 32. exd4 a5 33. Nc6 Nxc6 34.
Bxc6 b4 35. Kg2 h5 36. Bf3 h4 37. Bg4 Be4+ 38. f3 Bd5 39. a3 bxa3 40. bxa3 Kf7
41. Kf2 Kf6 42. Ke3 Bc6 43. f4 Bb7 44. Bf3 Bc8 45. Bg2 g4 46. hxg4 Bxg4 47. d5
h3 48. Be4 Bd7 49. Kf3 Bc8 50. Kg3 Bd7 51. Bd3 Ke7 52. Bf1 Kd6 53. Bxh3 Bxh3
54. Kxh3 Kxd5 55. Kg4 Ke6 56. Kg5 Kf7 57. a4 Kg7 58. Kf5 Kf7 59. Ke5 Ke7 60.
Kd5 Kf6 1-0

[Event "4NCL/Div2/SLOS1 vs. SWD1"]
[Site "West Bromwich ENG"]
[Date "2004.09.18"]
[Round "1.2"]
[White "Dineley, Richard D P"]
[Black "Czakon, Jakub"]
[Result "0-1"]
[WhiteElo "2299"]
[BlackElo "2433"]
[PlyCount "142"]
[EventDate "2004.09.18"]
[SourceDate "2004.09.21"]

1. e4 c5 2. Nf3 d6 3. d4 cxd4 4. Nxd4 Nf6 5. Nc3 a6 6. Be2 e5 7. Nb3 Be7 8. O-O
O-O 9. Kh1 Qc7 10. a4 b6 11. Be3 Bb7 12. Nd5 Nxd5 13. exd5 Nd7 14. c4 Nf6 15.
a5 b5 16. Rc1 bxc4 17. Bxc4 Qd7 18. Na1 Rfc8 19. b3 Ng4 20. Bd2 e4 21. Nc2 Ne5
22. Qe2 f5 23. Bc3 Bg5 24. Rb1 Nxc4 25. bxc4 Bxd5 26. cxd5 Rxc3 27. Nd4 Bd8 28.
g4 fxg4 29. Qxe4 Bf6 30. Ne6 Ra3 31. Rfc1 Qa4 32. Rb4 Qxa5 33. Rc7 Ra1+ 34. Kg2
Qa3 35. Rxg7+ Bxg7 36. Qxg4 Qc3 37. Rb7 Kh8 38. Rxg7 Qe5 39. Rg5 Qf6 40. Rf5
Qg6 41. Rg5 Qd3 42. Nf4 Qf1+ 43. Kg3 Ra3+ 44. f3 Qe1+ 45. Kg2 Qd2+ 46. Kg3 Qe1+
47. Kg2 Ra2+ 48. Kh3 Qf1+ 49. Ng2 Qxg2+ 50. Qxg2 Rxg2 51. Rxg2 a5 52. Ra2 a4
53. Ra3 Kg7 54. Kg4 Kg6 55. Kf4 Ra6 56. Kg4 Ra5 57. f4 h5+ 58. Kf3 Kf5 59. h3
h4 60. Ke3 Ra7 61. Kf3 Ra8 62. Ke3 Re8+ 63. Kd3 Re4 64. Ra1 Rxf4 65. Re1 a3 66.
Kc3 Re4 67. Rd1 Re3+ 68. Kc2 Ke5 69. Rd2 Rxh3 70. Kb1 Rg3 71. Rd1 h3 0-1

[Event "4NCL/Div2/SLOS1 vs. SWD1"]
[Site "West Bromwich ENG"]
[Date "2004.09.18"]
[Round "1.3"]
[White "Pakleza, Zbigniew"]
[Black "Evans-Quek, Suan-Shiau"]
[Result "1/2-1/2"]
[WhiteElo "2402"]
[BlackElo "2293"]
[PlyCount "93"]
[EventDate "2004.09.18"]
[SourceDate "2004.09.21"]

1. Nf3 d6 2. c4 Bg4 3. Qb3 Bxf3 4. Qxf3 Nc6 5. g3 g6 6. Bg2 Rb8 7. Qxc6+ bxc6
8. Bxc6+ Qd7 9. Bxd7+ Kxd7 10. Nc3 Bg7 11. b3 Bxc3 12. dxc3 h5 13. h3 Nf6 14.
Be3 c5 15. f3 Rhc8 16. Kd2 Ke6 17. g4 Rh8 18. Rab1 a5 19. Kc2 Nd7 20. Bf4 Rb7
21. Kd3 Nb8 22. Bd2 Nd7 23. f4 Nf6 24. g5 Nd7 25. e4 f6 26. gxf6 exf6 27. Rhg1
Kf7 28. Rg3 Rg8 29. Rbg1 Rbb8 30. h4 f5 31. exf5 gxf5 32. Rxg8 Rxg8 33. Rxg8
Kxg8 34. b4 a4 35. Be3 Kf7 36. Bf2 Ke6 37. Kc2 Nb6 38. Kd3 Nd7 39. Bg1 Nf8 40.
bxc5 Ng6 41. cxd6 Kxd6 42. Bf2 Nxf4+ 43. Ke3 Ne6 44. Kf3 Kc6 45. Be3 Kd6 46.
Bf2 Kc6 47. Be3 1/2-1/2

[Event "4NCL/Div2/SLOS1 vs. SWD1"]
[Site "West Bromwich ENG"]
[Date "2004.09.18"]
[Round "1.4"]
[White "Jones, Richard S"]
[Black "Aagaard, Jacob"]
[Result "1/2-1/2"]
[WhiteElo "2297"]
[BlackElo "2411"]
[PlyCount "37"]
[EventDate "2004.09.18"]
[SourceDate "2004.09.21"]

1. e4 c5 2. Nf3 e6 3. d4 cxd4 4. Nxd4 Nf6 5. Nc3 Bb4 6. e5 Nd5 7. Bd2 Nxc3 8.
bxc3 Ba5 9. Bd3 Qc7 10. O-O a6 11. Qg4 g6 12. Qg5 Bxc3 13. Bxc3 Qxc3 14. Ne2
Qc5 15. Qf6 O-O 16. Ng3 d6 17. exd6 Qxd6 18. Nh5 gxh5 19. Qg5+ 1/2-1/2

[Event "4NCL/Div2/SLOS1 vs. SWD1"]
[Site "West Bromwich ENG"]
[Date "2004.09.18"]
[Round "1.5"]
[White "Jones, Gawain C B"]
[Black "James, David J"]
[Result "1-0"]
[WhiteElo "2453"]
[BlackElo "2236"]
[PlyCount "47"]
[EventDate "2004.09.18"]
[SourceDate "2004.09.21"]

1. e4 c5 2. Nc3 d6 3. Nf3 a6 4. e5 e6 5. g3 Nc6 6. exd6 Bxd6 7. Bg2 Nf6 8. O-O
O-O 9. d4 cxd4 10. Nxd4 Nxd4 11. Qxd4 Qc7 12. Be3 Be5 13. Qc5 Qxc5 14. Bxc5 Re8
15. f4 Bxc3 16. bxc3 Nd7 17. Bd4 Nb8 18. Rab1 Nc6 19. Bc5 Rd8 20. Rfd1 Rxd1+
21. Rxd1 f6 22. Rd6 Kf7 23. Kf2 Ke8 24. Rxc6 1-0

[Event "4NCL/Div2/SLOS1 vs. SWD1"]
[Site "West Bromwich ENG"]
[Date "2004.09.18"]
[Round "1.6"]
[White "Blackburn, Jonathan L B"]
[Black "Gourlay, Iain"]
[Result "1/2-1/2"]
[WhiteElo "2181"]
[BlackElo "2281"]
[PlyCount "37"]
[EventDate "2004.09.18"]
[SourceDate "2004.09.21"]

1. d4 Nf6 2. c4 g6 3. Nc3 Bg7 4. e4 O-O 5. Be3 d6 6. f3 c5 7. dxc5 dxc5 8. Qxd8
Rxd8 9. Bxc5 Nc6 10. Nd5 Nd7 11. Bxe7 Nxe7 12. Nxe7+ Kf8 13. Nd5 Bxb2 14. Rb1
Bg7 15. Nh3 Nc5 16. Ng5 Kg8 17. Ne7+ Kf8 18. Nd5 Kg8 19. Ne7+ 1/2-1/2

[Event "4NCL/Div2/SLOS1 vs. SWD1"]
[Site "West Bromwich ENG"]
[Date "2004.09.18"]
[Round "1.7"]
[White "Rees, Ioan"]
[Black "Morris, Charles F"]
[Result "0-1"]
[WhiteElo "2210"]
[BlackElo "2213"]
[PlyCount "60"]
[EventDate "2004.09.18"]
[SourceDate "2004.09.21"]

1. d4 d5 2. Nf3 Nf6 3. c4 c6 4. Nc3 dxc4 5. a4 Bf5 6. Nh4 Bd7 7. g3 e6 8. Bg2
c5 9. Bxb7 Bc6 10. Bxa8 Bxa8 11. O-O cxd4 12. Nb5 Nc6 13. Qc2 a6 14. Na3 Bxa3
15. Rxa3 Qd5 16. f3 O-O 17. Bd2 Rd8 18. Rc1 Ne5 19. Bf4 Nfd7 20. Qd2 h6 21. h3
d3 22. e4 Qc6 23. Bxe5 Nxe5 24. Re1 g5 25. f4 gxh4 26. fxe5 Qc5+ 27. Re3 hxg3
28. Kg2 Kh7 29. Rc3 Rd4 30. Rxg3 Rxe4 0-1

[Event "4NCL/Div2/SLOS1 vs. SWD1"]
[Site "West Bromwich ENG"]
[Date "2004.09.18"]
[Round "1.8"]
[White "Blackburn, Suzie"]
[Black "Worek, Joanna"]
[Result "0-1"]
[WhiteElo "2055"]
[BlackElo "2256"]
[PlyCount "76"]
[EventDate "2004.09.18"]
[SourceDate "2004.09.21"]

1. d4 d6 2. Nf3 Nf6 3. Bg5 g6 4. Nbd2 Bg7 5. e3 O-O 6. Bd3 c5 7. c3 Nc6 8. O-O
b6 9. a4 Bb7 10. Qb1 Qd7 11. b4 Nd5 12. Qb3 e6 13. bxc5 dxc5 14. Nc4 e5 15. e4
Nf4 16. Bxf4 exf4 17. d5 Ba6 18. Nce5 Nxe5 19. Nxe5 Bxe5 20. Bxa6 f3 21. h3 Qe7
22. g3 Qg5 23. Ra2 f5 24. exf5 Qxf5 25. Kh2 h5 26. Qc2 Qg5 27. Qd2 Bf4 28. Qd1
h4 29. Rg1 Bd6 30. Qd2 Qh5 31. Bd3 Kg7 32. c4 Rh8 33. Bf1 Rae8 34. Qd3 Qg5 35.
Qxf3 hxg3+ 36. fxg3 Re3 37. Qd1 Bxg3+ 38. Kh1 Qf5 0-1

[Event "4NCL/Div2/WWKS1 vs. MIN1"]
[Site "West Bromwich ENG"]
[Date "2004.09.18"]
[Round "1.1"]
[White "Wu, Li"]
[Black "McFarland, Robert S"]
[Result "1/2-1/2"]
[WhiteElo "2215"]
[BlackElo "2282"]
[PlyCount "82"]
[EventDate "2004.09.18"]
[SourceDate "2004.09.21"]

1. d4 g6 2. e4 Bg7 3. c4 d6 4. Nc3 Nf6 5. Be2 O-O 6. Nf3 e5 7. d5 a5 8. Bg5 h6
9. Bh4 Na6 10. Nd2 Nc5 11. O-O Bd7 12. Rb1 Qe8 13. Kh1 Nh7 14. f3 h5 15. a3 a4
16. Nb5 Bxb5 17. cxb5 b6 18. Bf2 Nf6 19. b4 axb3 20. Bxc5 bxc5 21. b6 cxb6 22.
Rxb3 Qe7 23. Bb5 Rfb8 24. Nc4 h4 25. Bc6 Ra7 26. a4 Nh5 27. Rxb6 Rxb6 28. Nxb6
Qd8 29. Qb3 Bh6 30. Nc4 Ng3+ 31. Kg1 f5 32. Re1 Rf7 33. exf5 Nxf5 34. Qd3 Qg5
35. Re4 Nd4 36. Rg4 Qc1+ 37. Kf2 Rg7 38. Rxg6 Bf4 39. Rxg7+ Kxg7 40. g3 hxg3+
41. hxg3 Bxg3+ 1/2-1/2

[Event "4NCL/Div2/WWKS1 vs. MIN1"]
[Site "West Bromwich ENG"]
[Date "2004.09.18"]
[Round "1.2"]
[White "Richards, Heather"]
[Black "Hynes, Anthony"]
[Result "1/2-1/2"]
[WhiteElo "2219"]
[BlackElo "2247"]
[PlyCount "86"]
[EventDate "2004.09.18"]
[SourceDate "2004.09.21"]

1. e4 e5 2. Nc3 Nf6 3. g3 d5 4. exd5 Nxd5 5. Bg2 Nxc3 6. bxc3 Bd6 7. Nf3 O-O 8.
O-O Nd7 9. d4 c6 10. Rb1 exd4 11. cxd4 Nb6 12. Qd3 h6 13. Re1 Be6 14. Bxh6 Bc4
15. Qf5 gxh6 16. Re4 Be7 17. Rg4+ Kh8 18. Ng5 Bxg5 19. Be4 Kg7 20. h4 Be6 21.
Qh7+ Kf6 22. hxg5+ hxg5 23. Rxg5 Rg8 24. Rh5 Qd7 25. Rh4 Rh8 26. Rf4+ Ke7 27.
Qg7 Rag8 28. Qf6+ Kf8 29. Qe5 Nc8 30. Re1 Nd6 31. Bf3 Rh6 32. a4 Bc4 33. Rf6
Rxf6 34. Qxf6 Be6 35. d5 cxd5 36. Bxd5 Ne8 37. Qh6+ Ng7 38. Bxe6 fxe6 39. Re3
Kf7 40. Rf3+ Nf5 41. Qh5+ Ke7 42. Rxf5 Rxg3+ 43. fxg3 exf5 1/2-1/2

[Event "4NCL/Div2/WWKS1 vs. MIN1"]
[Site "West Bromwich ENG"]
[Date "2004.09.18"]
[Round "1.3"]
[White "Dighton, Simon"]
[Black "Kafka, Graeme"]
[Result "1-0"]
[WhiteElo "2243"]
[BlackElo "2143"]
[PlyCount "59"]
[EventDate "2004.09.18"]
[SourceDate "2004.09.21"]

1. e4 c5 2. c3 d5 3. exd5 Qxd5 4. d4 e6 5. Nf3 Nf6 6. Bd3 Nc6 7. O-O Be7 8.
dxc5 Bxc5 9. Bg5 Be7 10. Qe2 h6 11. Bxf6 Bxf6 12. Na3 O-O 13. Rad1 Qc5 14. Rfe1
e5 15. Nc4 Re8 16. b4 Qe7 17. b5 Nb8 18. Nfxe5 Qc5 19. Nd7 Rxe2 20. Nxc5 Rxe1+
21. Rxe1 Bd7 22. Be4 Bxb5 23. Bxb7 Bxc4 24. Re8+ Kh7 25. Bxa8 Na6 26. Nd7 Bxc3
27. Rc8 Bb5 28. Nf8+ Kg8 29. Be4 f5 30. Bd5+ 1-0

[Event "4NCL/Div2/WWKS1 vs. MIN1"]
[Site "West Bromwich ENG"]
[Date "2004.09.18"]
[Round "1.4"]
[White "Muter, Donny"]
[Black "Thomas, Nicholas"]
[Result "1/2-1/2"]
[WhiteElo "2135"]
[BlackElo "2235"]
[PlyCount "31"]
[EventDate "2004.09.18"]
[SourceDate "2004.09.21"]

1. d4 e6 2. Nf3 f5 3. d5 Nf6 4. c4 Bb4+ 5. Bd2 Qe7 6. Nc3 e5 7. g3 a5 8. Bg2 d6
9. O-O O-O 10. Ne1 Bxc3 11. Bxc3 Ne4 12. Qc2 Nxc3 13. Qxc3 Nd7 14. Nc2 Nc5 15.
b3 f4 16. a3 1/2-1/2

[Event "4NCL/Div2/WWKS1 vs. MIN1"]
[Site "West Bromwich ENG"]
[Date "2004.09.18"]
[Round "1.5"]
[White "Pitcher, John"]
[Black "Almond, Richard"]
[Result "1/2-1/2"]
[WhiteElo "2180"]
[BlackElo "2158"]
[PlyCount "97"]
[EventDate "2004.09.18"]
[SourceDate "2004.09.21"]

1. e4 d5 2. exd5 Qxd5 3. Nf3 Bg4 4. Be2 Nc6 5. Nc3 Qd7 6. O-O O-O-O 7. a3 Nf6
8. d3 e6 9. Be3 Bxf3 10. Bxf3 Nd4 11. Ne4 Be7 12. Nxf6 Bxf6 13. Be4 Kb8 14. c3
Nf5 15. Qb3 Nd6 16. Bf3 Qb5 17. Qxb5 Nxb5 18. d4 Nd6 19. Rad1 h5 20. Rfe1 g5
21. Bc1 g4 22. Be2 Rdg8 23. Bd3 Bg5 24. Re5 Bf6 25. Re2 Bg5 26. Bxg5 Rxg5 27.
Re5 Rhg8 28. Rde1 c6 29. Rxg5 Rxg5 30. Re5 Rxe5 31. dxe5 Nc8 32. f3 gxf3 33.
gxf3 Nb6 34. b4 Kc7 35. Kf2 Nd7 36. f4 f6 37. Bc4 fxe5 38. Bxe6 exf4 39. Bxd7
Kxd7 40. Kf3 Ke6 41. Kxf4 b6 42. c4 c5 43. bxc5 bxc5 44. a4 h4 45. Kg4 Ke5 46.
Kxh4 Kd4 47. Kg4 Kxc4 48. h4 Kb4 49. h5 1/2-1/2

[Event "4NCL/Div2/WWKS1 vs. MIN1"]
[Site "West Bromwich ENG"]
[Date "2004.09.18"]
[Round "1.6"]
[White "Hagesaether, Arne"]
[Black "James, Russell A"]
[Result "0-1"]
[WhiteElo "2101"]
[BlackElo "2201"]
[PlyCount "108"]
[EventDate "2004.09.18"]
[SourceDate "2004.09.21"]

1. e4 d5 2. exd5 Nf6 3. Bb5+ Nbd7 4. c4 a6 5. Bxd7+ Qxd7 6. Nc3 b5 7. d3 c6 8.
dxc6 Qxc6 9. Qf3 Bd7 10. Qxc6 Bxc6 11. f3 O-O-O 12. Ke2 e5 13. b3 Bb4 14. Bb2
Rhe8 15. Rd1 Nh5 16. Nh3 f5 17. a3 Bc5 18. b4 Bd4 19. Rhf1 bxc4 20. dxc4 Nf4+
21. Nxf4 exf4+ 22. Kd2 Bxc3+ 23. Kxc3 Re3+ 24. Kc2 Ba4+ 25. Kc1 Bxd1 26. Rxd1
Re2 27. Rg1 Rdd2 28. Bxg7 Rxg2 29. Be5 Rc2+ 30. Kd1 Rgd2+ 31. Ke1 Re2+ 32. Kd1
Rcd2+ 33. Kc1 Rg2 34. Bxf4 Rc2+ 35. Kd1 Rxg1+ 36. Kxc2 Rf1 37. Bd6 Rxf3 38. b5
axb5 39. cxb5 Kd7 40. Bc5 Rh3 41. a4 f4 42. Bg1 Ra3 43. Kd2 Rxa4 44. Ke2 Kd6
45. Kf3 Ke5 46. Bc5 Ra5 47. Bb6 Ra3+ 48. Kg4 Ke4 49. Bc7 f3 50. Kg3 Rb3 51. b6
Ke3 52. Bd6 Ke2 53. Bc5 f2+ 54. Kg2 f1=Q# 0-1

[Event "4NCL/Div2/WWKS1 vs. MIN1"]
[Site "West Bromwich ENG"]
[Date "2004.09.18"]
[Round "1.7"]
[White "Cooper, David M"]
[Black "Hardman, Michael J"]
[Result "1/2-1/2"]
[WhiteElo "2095"]
[BlackElo "2102"]
[PlyCount "82"]
[EventDate "2004.09.18"]
[SourceDate "2004.09.21"]

1. e4 c5 2. Nf3 e6 3. b3 Nc6 4. Bb2 d6 5. Bb5 Bd7 6. O-O Nf6 7. Re1 Be7 8. c4
e5 9. Bxc6 bxc6 10. d3 O-O 11. Nc3 Ne8 12. Bc1 Nc7 13. Be3 Ne6 14. Ne2 Nd4 15.
Nd2 Bg5 16. Nxd4 cxd4 17. Bxg5 Qxg5 18. Nf1 f5 19. exf5 Qxf5 20. Qd2 c5 21. Ng3
Qg6 22. Ne4 Bc6 23. f3 Rxf3 24. Kh1 Rf4 25. Ng3 Raf8 26. Re2 Qf7 27. h3 Rf2 28.
Rg1 Rxe2 29. Qxe2 Qf2 30. Qg4 Qf6 31. Rf1 Qg6 32. Rxf8+ Kxf8 33. Qc8+ Qe8 34.
Qf5+ Kg8 35. Ne4 Bxe4 36. Qxe4 Qd7 37. Qa8+ Kf7 38. Qd5+ Kf6 39. g4 g6 40. Kg2
Kg7 41. Kg3 Qe7 1/2-1/2

[Event "4NCL/Div2/WWKS1 vs. MIN1"]
[Site "West Bromwich ENG"]
[Date "2004.09.18"]
[Round "1.8"]
[White "Horton, Justin"]
[Black "Chevannes, Sabrina"]
[Result "1/2-1/2"]
[WhiteElo "2091"]
[BlackElo "2076"]
[PlyCount "104"]
[EventDate "2004.09.18"]
[SourceDate "2004.09.21"]

1. c4 Nf6 2. Nf3 c6 3. d4 d5 4. Nc3 e6 5. e3 Nbd7 6. Bd3 dxc4 7. Bxc4 b5 8. Bd3
Bb7 9. e4 a6 10. e5 Nd5 11. Nxd5 cxd5 12. Ng5 Bb4+ 13. Kf1 Be7 14. Qg4 Bxg5 15.
Bxg5 Qb6 16. Be3 g6 17. Qe2 b4 18. Rc1 Nb8 19. h4 h5 20. Qc2 Nc6 21. Rh3 O-O-O
22. Qa4 Kb8 23. Rc5 Rc8 24. Rf3 Rc7 25. Rf4 Rhc8 26. Kg1 Re7 27. a3 Rcc7 28.
Bd2 Nxd4 29. Rxc7 Rxc7 30. Qxb4 Qxb4 31. Bxb4 Rc1+ 32. Kh2 Nf5 33. f3 Ka7 34.
g4 hxg4 35. fxg4 Nxh4 36. Rxf7 Rd1 37. Bc2 Rc1 38. Ba4 Kb6 39. Re7 Nf3+ 40. Kg3
Nxe5 41. Rxe6+ Nc6 42. Rxg6 Ka7 43. Bxc6 Bxc6 44. Kf4 Rc4+ 45. Ke5 Kb7 46. Bc3
Re4+ 47. Kd6 Kb6 48. Bb4 Rc4 49. Rg8 d4 50. Ke5 d3 51. Rd8 Rxg4 52. Rxd3 Rc4
1/2-1/2

[Event "4NCL/Div2/BAR2 vs. KHE"]
[Site "West Bromwich ENG"]
[Date "2004.11.20"]
[Round "3.1"]
[White "Cox, John J"]
[Black "McMichael, Richard"]
[Result "1-0"]
[WhiteElo "2314"]
[BlackElo "2272"]
[PlyCount "133"]
[EventDate "2004.11.20"]
[SourceDate "2004.09.21"]

1. d4 e6 2. c4 f5 3. Nf3 Nf6 4. g3 d5 5. Bg2 c6 6. O-O Bd6 7. Nc3 O-O 8. Qc2
Bd7 9. Rb1 Be8 10. b4 Na6 11. b5 cxb5 12. c5 b4 13. Nd1 Bc7 14. a3 Ba5 15. Nb2
Bc6 16. Nd3 bxa3 17. Bxa3 Nc7 18. Bb4 Bxb4 19. Nxb4 Nd7 20. e3 Nb5 21. Ra1 Nc7
22. Rfb1 a6 23. Bf1 Nb5 24. Ra2 Qe7 25. Rba1 Na7 26. Qb2 Rab8 27. Bxa6 bxa6 28.
Rxa6 Qe8 29. Rxa7 Qh5 30. Kg2 e5 31. Qc3 Bb5 32. c6 Be2 33. Ng1 f4 34. exf4
exf4 35. gxf4 Nf6 36. c7 Rbe8 37. Nxe2 Qxe2 38. Qf3 Qc4 39. Nd3 Nh5 40. Ne5
Rxe5 41. Ra8 Ref5 42. Rxf8+ Rxf8 43. Qxh5 Qxc7 44. Qxd5+ Kh8 45. f5 Qf4 46. Ra3
h6 47. Rf3 Qg5+ 48. Rg3 Qxf5 49. Qxf5 Rxf5 50. Rf3 Rg5+ 51. Kf1 Rg4 52. Rd3 Kg8
53. Ke2 Kf7 54. Rf3+ Ke6 55. Ke3 g5 56. Rh3 Kd5 57. Rxh6 Re4+ 58. Kf3 Rf4+ 59.
Kg3 Kxd4 60. h4 Rxh4 61. Rxh4+ gxh4+ 62. Kxh4 Ke5 63. Kg5 Ke6 64. f3 Kf7 65.
Kf5 Kg8 66. Kf6 Kf8 67. f4 1-0